| 000 | 02737nam a2200313 i 4500 | ||
|---|---|---|---|
| 001 | Rebiun35928386 | ||
| 007 | ta | ||
| 008 | 240508s2023 sp a bi 001 0 spa d | ||
| 020 | _a9788411571456 | ||
| 040 | _ctbs | ||
| 041 | _aspa | ||
| 100 |
_aDorado, María Dolores _eauthor _926163 |
||
| 245 | 1 | 0 |
_aTalentos _b: clases de español profesional A1-B1 _c: María Dolores Dorado Debeza, Calíope Dafne Márquez Sánchez, Esther Ramos Gómez, Francisco Javier Uclés Sánchez. |
| 250 | _aHybrid edition. | ||
| 260 |
_aBarcelona : _bDifusión, _c2024. |
||
| 300 |
_a191 pages : _billustrations (color) ; _c30 cm. |
||
| 500 | _aDigital resources: Videos, Audio, Glossaries, Transcripts, and Answer Keys | ||
| 505 | _aDigital resources: Videos, Audio, Glossaries, Transcripts, and Answer Keys | ||
| 520 | _aTalentos es un curso dirigido a jóvenes y adultos que actualmente están trabajando o van a trabajar en un entorno donde necesitan el español y que realizan sus estudios en universidades, escuelas de negocios, centros de formación profesional u otro tipo de institución. Diseñado para complementar cualquier manual de ELE, este curso te ofrece: • seis unidades de actividades para la clase y sus correspondientes unidades del cuaderno de ejercicios; • un anexo cultural; • tres modelos de exámenes DELE (A1, A2 y B1); • Mp3 descargable gratuito: difusion.com/audio-talentos. El libro Talentos es una Edición híbrida que contiene un código de acceso de 12 meses al entorno digital de este curso en Campus Difusión. | ||
| 520 | _aTalentos is a course designed for young adults and adults who are currently working or preparing to work in an environment where Spanish is needed, and who are studying at universities, business schools, vocational training centers, or other institutions. Designed to complement any Spanish as a Foreign Language (ELE) textbook, this course offers you: • Six classroom activity units and their corresponding workbook units • A cultural appendix • Three DELE exam models (A1, A2, and B1) • Free downloadable Mp3s: difusion.com/audio-talentos The Talentos book is a hybrid edition that includes a 12-month access code to the digital learning environment of this course on Campus Difusión. | ||
| 650 | 0 |
_aSpanish language _xBusiness Spanish _926156 |
|
| 650 | 0 |
_aSpanish language _vComposition and exercises _926157 |
|
| 650 | 0 |
_aSpanish language _xStudy and teaching _926155 |
|
| 650 | 0 |
_aSpanish language _xTextbooks for foreign speakers _912081 |
|
| 700 |
_aMárquez Sánchez, Calíope Dafne _eauthor _926164 |
||
| 700 |
_aRamos Gómez, Esther _eauthor _926165 |
||
| 700 |
_aUclés Sánchez, Francisco Javier _eauthor _926166 |
||
| 942 | _2lcc | ||
| 999 |
_c5047 _d5047 |
||